000 00692nam a2200265Ia 4500
005 20260121171902.0
008 008 260114s9999 xx 000 0 eng d
020 _a9789811542268
037 _aEBOOK
040 _aCRL
040 _beng
040 _cCRL
041 _2eng
041 _aeng
084 _qCRL
100 _aTekin Akdemir, Halis K?ral
_91081649
245 0 _aPublic Financial Management Reforms in Turkey: Progress and Challenges, Volume 2
260 _bSpringer
260 _bSpringer
260 _c2020
856 _uhttps://link.springer.com/openurl?genre=book&isbn=978-981-15-4226-8
942 _cEBOOK
999 _c1647382
_d1647382